Statistics for 2021-22 Premier League Chelsea - Manchester City

Click here to take the quiz!

General Stats

  • This quiz has been taken 352 times
  • The average score is 24 of 30

Answer Stats

Player% Correct
Édouard Mendy
96%
Ederson
92%
Kevin De Bruyne
92%
Kyle Walker
92%
Bernardo Silva
91%
Rúben Dias
90%
Thiago Silva
90%
Kai Havertz
88%
N'Golo Kanté
87%
Reece James
86%
Timo Werner
86%
João Cancelo
83%
Pep Guardiola
83%
Phil Foden
83%
Rodri
83%
Thomas Tuchel
82%
Raheem Sterling
82%
Antonio Rüdiger
81%
César Azpilicueta
81%
Aymeric Laporte
80%
Jorginho
79%
Gabriel Jesus ¹
78%
Mateo Kovačić
75%
Jack Grealish
74%
Riyad Mahrez
74%
Romelu Lukaku
72%
Marcos Alonso
69%
Andreas Christensen
67%
Fernandinho
49%
Ruben Loftus-Cheek
34%

Score Distribution

Percentile by Number Answered

Percent of People with Each Score

Your Score History

You have not taken this quiz